000 00664nam a2200265 a 4500
003 AR-BaBNM
005 20251128203307.0
008 082120s2002 ||||||||||||||000 | spa||
040 _cAR-BaBNM
100 1 _aKipling, Rudyard
245 0 0 _aKim
260 _aBuenos Aires
_bPlaneta
_c1976
300 _a305 p.
490 0 _aBiblioteca universal planeta
650 4 _aLITERATURA INGLESA
650 4 _aLITERATURA EXTRANJERA
650 4 _aLITERATURA CONTEMPORANEA
650 4 _aESCRITORES
653 _aNOVELA DE AVENTURAS
653 _aNARRATIVA
655 _aLITERATURA
700 1 _aCruselles, Juan I.
_etraductor
942 _cBK
998 _cMARTIN
999 _c2753
_d2753